Catálogo público

Evaluación de respuestas organogénicas in vitro de nogal pecanero (Carya illinoinensis (Wangenh) K. Koch) / (Record no. 108281)

MARC details
000 -CABECERA
campo de control de longitud fija 02389nam a2200325 a 4500
001 - NÚMERO DE CONTROL
campo de control 000111820
003 - IDENTIFICADOR DEL NÚMERO DE CONTROL
campo de control CHAP
005 - FECHA Y HORA DE LA ÚLTIMA TRANSACCIÓN
campo de control 20251020132314.0
008 - DATOS DE LONGITUD FIJA--INFORMACIÓN GENERAL
campo de control de longitud fija 150921s2015 mx sm |||||||spa d
010 ## - NÚMERO DE CONTROL DE LA BIBLIOTECA DEL CONGRESO
Número de control de LC 108281
011 ## - ENLACE DEL NUMERO DE CONTROL DE LA BIBLIOTECA DEL CONGRESO [OBSOLETO]
Número de control de LC 109253
040 ## - FUENTE DE LA CATALOGACIÓN
Centro/agencia transcriptor CHAP
090 ## - LOCALMENTE ASIGNADO TIPO-LC NÚMERO DE CLASIFICACIÓN (OCLC); NÚMERO DE CLASIFICACIÓN LOCAL (RLIN)
Número de clasificación (OCLC) (R) ; Numero de clasificación, CALL (RLIN) (NR) Tesis
100 1# - ENTRADA PRINCIPAL--NOMBRE DE PERSONA
Nombre de persona Contreras Pinto, Marco Alberto
245 10 - MENCIÓN DE TÍTULO
Título Evaluación de respuestas organogénicas in vitro de nogal pecanero (Carya illinoinensis (Wangenh) K. Koch) /
Mención de responsabilidad, etc. por Marco Alberto Contreras Pinto; Jesús Guadalupe Arreola Ávila
264 ## - PRODUCCIÓN, PUBLICACIÓN, DISTRIBUCIÓN, FABRICACIÓN Y COPYRIGHT
Producción, publicación, distribución, fabricación y copyright Bermejillo, Dgo. :
Nombre del de productor, editor, distribuidor, fabricante El autor,
Fecha de producción, publicación, distribución, fabricación o copyright 2015.
500 ## - NOTA GENERAL
Nota general Para ver el contenido del material haga clic en la liga
502 ## - NOTA DE TESIS
Tipo de título Maestro en Ciencias en Recursos Naturales y Medio Ambiente en Zonas Áridas.
Nombre de la institución que otorga el título Unidad Regional Universitaria de Zonas Áridas,
Año de obtención del título 2015.
520 ## - SUMARIO, ETC.
Sumario, etc. El nogal pecanero se propaga por semilla ya que es una planta difícil de multiplicarse vegetativamente. En este estudio explantes de yemas de esta especie provenientes de árboles jóvenes y adultos fueron cultivadas in vitro. Se obtuvieron respuestas organogénicas positivas y negativas. Las respuestas positivas se lograron en explantes de segmentos nodales procedentes de árboles juveniles, mientras que en los explantes provenientes de árboles adultos no se logró obtener diferenciación de tejido. Se utilizaron los medios de cultivo Murashige y Skoog (1962) de sales inorgánicas al 100% y Woody plant médium adicionados con Tiamina a una concentración de 0.40 mgL-1, Myo-inositol 100 mgL-1, 60 mgL-1 de L- Cisteina y 3% de sacarosa. Se observó un 25% de explantes oxidados que procedían de árboles juveniles, comparado con un 36.67% de explantes con la misma característica tomados de árboles adultos. Se incrementó el número de hojas y la elongación de los brotes mediante la adición de 1 mgL-1 y 3 mgL-1 de kinetina (KIN), 3 mgL-1 y 1 mgL-1 de 2 isopentenil adenina (2ip) y 0.3 mgL-1 ácido indolbutírico (AIB).
650 14 - PUNTO DE ACCESO ADICIONAL DE MATERIA--TÉRMINO DE MATERIA
Término de materia o nombre geográfico como elemento de entrada Pecán
Subdivisión general Cultivo de tejidos.
650 14 - PUNTO DE ACCESO ADICIONAL DE MATERIA--TÉRMINO DE MATERIA
Término de materia o nombre geográfico como elemento de entrada Pecán
Subdivisión general Propagación.
700 1# - PUNTO DE ACCESO ADICIONAL--NOMBRE DE PERSONA
Nombre de persona Arreola Avila, Jesús Guadalupe
Término indicativo de función/relación director.
856 ## - LOCALIZACIÓN Y ACCESO ELECTRÓNICOS
Identificador Uniforme del Recurso <a href="http://10.13.5.2/tesis/sist111820.pdf">http://10.13.5.2/tesis/sist111820.pdf</a>
Texto de enlace DESCARGAR PDF
901 ## - ELEMENTOS DE DATOS A LOCAL LDA (RLIN)
a BK
942 ## - ELEMENTOS DE PUNTO DE ACCESO ADICIONAL (KOHA)
Tipo de ítem Koha Tesis
Fuente del sistema de clasificación o colocación Clasificación Universidad Autónoma Chapingo
590 ## - NOTA LOCAL (RLIN)
Nota local BATCH
Procedencia (VM) [OBSOLETO] 00
Condición del los carretes individuales (VM) [OBSOLETO] 20181121
590 ## - NOTA LOCAL (RLIN)
Nota local E11695DGD
Procedencia (VM) [OBSOLETO] 10
Condición del los carretes individuales (VM) [OBSOLETO] 20150923
590 ## - NOTA LOCAL (RLIN)
Nota local E5765TAJ
Procedencia (VM) [OBSOLETO] 05
Condición del los carretes individuales (VM) [OBSOLETO] 20150921
590 ## - NOTA LOCAL (RLIN)
Nota local E5765TAJ
Procedencia (VM) [OBSOLETO] 05
Condición del los carretes individuales (VM) [OBSOLETO] 20150921
Holdings
Estado de retiro Estado de pérdida Fuente del sistema de clasificación o colocación Estado dañado Restricciones de uso No para préstamo Código de colección Localización permanente Ubicación/localización actual Ubicación en estantería Fecha de adquisición Información codificada de la localización en otra ubicación Total de préstamos Signatura topográfica completa Código de barras Fecha visto por última vez Precio válido a partir de Tipo de ítem Koha Número de copia
    Clasificación Universidad Autónoma de Chapingo   Préstamo interno   Tesis Biblioteca Central Biblioteca Central Planta alta - Área de Tesis - Tesis 21/09/2015 TESIS   Tesis 33724002507868 31/12/2019 31/12/2019 Tesis  
    Clasificación Universidad Autónoma de Chapingo   Préstamo 3 días   Tesis Biblioteca Central Biblioteca Central Planta alta - Área de Tesis - Tesis 21/09/2015 TESIS   Tesis 33724002507900 31/12/2019 31/12/2019 Tesis c.2
    Clasificación Universidad Autónoma de Chapingo   Préstamo interno   Tesis digitales de Maestría Biblioteca Digital Biblioteca Central En línea 09/10/2025     Tesis digital   09/10/2025 09/10/2025 Tesis digital